Gaming Quiz

Random Gaming or Star Wars Quiz

Fake Toys Quiz Stats

 Plays Quiz Updated Jul 1, 2016

Score 0/16 Timer 04:00
8 Plays Today
% Correct
Iron Man
98.5%
SpongeBob SquarePants
97.1%
Superman
96.1%
Yoda
95.8%
The Simpsons
95.5%
Mickey Mouse
95%
Game Boy
95%
Freddy Krueger
94.5%
% Correct
RoboCop
94.3%
Winnie-the-Pooh
92.8%
Darth Vader
92.4%
Godzilla
92%
Thomas the Tank Engine
91.6%
Ghostbusters
91.4%
Angry Birds
86.9%
The A-Team
86%

You're not logged in!

Compare scores with friends on all Sporcle quizzes.
Join for Free
OR
Log In

You Might Also Like...

Show Comments

Extras

Top Quizzes Today


Score Distribution

Your Account Isn't Verified!

In order to create a playlist on Sporcle, you need to verify the email address you used during registration. Go to your Sporcle Settings to finish the process.

Report this User

Report this user for behavior that violates our Community Guidelines.

Details: